Apel-Les, sóc aquí / (Record no. 146140)

MARC details
000 -LEADER
campo de control de longitud fija 00653nam a2200205 i 4500
001 - NÚMERO DE CONTROL
campo de control 146140
003 - IDENTIFICADOR DE NÚMERO DE CONTROL
campo de control ES-MaACL
005 - FECHA Y HORA DE LA ÚLTIMA TRANSACCIÓN
campo de control 20240513205035.0
007 - CAMPO FIJO DE DESCRIPCIÓN FÍSICA--INFORMACIÓN GENERAL
campo de control de longitud fija t|
008 - DATOS DE LONGITUD FIJA--INFORMACIÓN GENERAL
campo de control de longitud fija 070903s1966 sp ||||1| cat d
080 ## - NÚMERO DE LA CLASIFICACIÓN DECIMAL UNIVERSAL
Número de la Clasificación Decimal Universal 92 Mestres, Apeles
100 1# - ENTRADA PRINCIPAL--NOMBRE DE PERSONA
Nombre de persona Torres y Lloret, Francisco.
9 (RLIN) 111028
245 10 - MENCIÓN DEL TÍTULO
Título Apel-Les, sóc aquí /
Mención de responsabilidad, etc. Francisco Torres Lloret ; próleg de Josep Miracle.
260 ## - PUBLICACIÓN, DISTRIBUCIÓN, ETC.
Lugar de publicación, distribución, etc. [Tárrega :
Nombre del editor, distribuidor, etc. s.n],
Fecha de publicación, distribución, etc. 1966 (
Fabricante Camps Calmet, imp.)
300 ## - DESCRIPCIÓN FÍSICA
Extensión I-X, 144 p. :
Otras características físicas il. ;
Dimensiones 24 cm.
600 14 - PUNTO DE ACCESO ADICIONAL DE MATERIA--NOMBRE DE PERSONA
Nombre de persona Mestres, Apeles,
Fechas asociadas al nombre 1854-1936
9 (RLIN) 140420
700 1# - ENTRADA AGREGADA--NOMBRE PERSONAL
Nombre de persona Miracle, Josep.
9 (RLIN) 81471
852 ## - LOCALIZACIÓN
Ubicación ES-MaACL
Número de control de estantería C-33116
Sublocalización o colección R.64058
Holdings
Estatus retirado Estado de pérdida Estado de daño No para préstamo Biblioteca de origen Biblioteca actual Ubicación en estantería Fecha de adquisición Fuente de adquisición Total de préstamos Signatura topográfica completa Código de barras Visto por última vez Precio de reemplazo Tipo de ítem Koha
        Biblioteca del Ateneo de Madrid Biblioteca del Ateneo de Madrid Depósito 2 17/01/2008     C-33116 1152535 23/02/2023 23/02/2023 Libro impreso